000 00804nam a2200241 i 4500
001 182524
003 ES-MaACL
005 20250826072107.0
008 130911s2012 sp a | |||||||| | eng d
020 _a978-84-92937-28-8
080 _a331.102.12(100)
080 _a64.047(100)
100 1 _aDurán, María Ángeles.
_946195
245 1 0 _aUnpaid work in the global economy /
_cMaría Ángeles Durán Heras.
260 _aBilbao :
_bFundación BBVA,
_c2012.
300 _a510 p. :
_bgráf. ;
_c24 cm.
504 _aBibliografía: p. 477-490. Índices.
650 7 _aTrabajo no remunerado
_2embne
_9153399
650 7 _aTrabajo doméstico
_2embne
_9153400
852 _aES-MaACL
_jA-12910
_9189437
_bR.149073
_cDEPO1
_dOlim: N-5910
942 _2udc
_cMONOGRAFIA
999 _c182524
_d182524